30 Nadgalil panchabi basai (Record no. 1028661)

MARC details
000 -LEADER
fixed length control field 00566nam a2200229Ia 4500
003 - CONTROL NUMBER IDENTIFIER
control field OSt
005 - DATE AND TIME OF LATEST TRANSACTION
control field 20221005113604.0
008 - FIXED-LENGTH DATA ELEMENTS--GENERAL INFORMATION
fixed length control field 221004b |||||||| |||| 00| 0 pan d
037 ## - SOURCE OF ACQUISITION
Terms of availability Textual
040 ## - CATALOGING SOURCE
Original cataloging agency CRL
Transcribing agency CRL
Language of cataloging pan
041 ## - LANGUAGE CODE
Source of code pan
Language code of text/sound track or separate title pan
100 ## - MAIN ENTRY--PERSONAL NAME
Personal name Kannatte Au.
9 (RLIN) 624577
245 #0 - TITLE STATEMENT
Title 30 Nadgalil panchabi basai
260 ## - PUBLICATION, DISTRIBUTION, ETC.
Date of publication, distribution, etc. 1977
650 ## - SUBJECT ADDED ENTRY--TOPICAL TERM
Topical term or geographic name entry element LINGUISTICS
942 ## - ADDED ENTRY ELEMENTS (KOHA)
Classification part P153,9, 31L7
Koha item type Textual
Source of classification or shelving scheme
Holdings
Withdrawn status Lost status Damaged status Not for loan Home library Current library Date acquired Total Checkouts Full call number Barcode Date last seen Price effective from Koha item type Public note
        Central Library Central Library 2022-10-05   P153,9 31L7 CL0899773 2022-10-05 2022-10-05 Textual translated from punjabi to tamil
Copyright @ Delhi University Library System